书目信息 |
| 书名: | Lectures on statistical mechanics | |
| 作者: | by M.G. Bowler. | |
| 分册号: | ||
| 分册名: | 出版地: | Oxford ; |
|
| 出版社: | Pergamon Press | |
| 出版时间: | 1982. | |
| 页数: | ix, 120 p. ; | |
| 开本: | 24 cm. | |
| 丛书名: | ||
| 中图分类号: | ||
| 科图分类号: | ||
| 其他分类号: | O3:H31 | |
| 主题词: | ||
| 电子资源: | ||
| 000 | 00706nam 22000241i 450 9 | |
| 001 | 0298377297 | |
| 005 | 20070226090043.92 | |
| 008 | 810928m1982 u y b 001 0 | |
| 020 | @a0080265162 :@c£9.00 (est.) (. | |
| 020 | @a0080265154 (pbk.) :@c£4.50 (est.) (. | |
| 041 | @aeng | |
| 050 | @aQC174.8@b.B68 1982 | |
| 082 | 04 | @a530.1/3@219 |
| 090 | @aO3:H31 | |
| 099 | @dO3:H31@ex33 | |
| 100 | 1 | @aBowler@cM. G. |
| 245 | 10 | @aLectures on statistical mechanics / @cby M.G. Bowler. |
| 250 | @a1st ed. | |
| 260 | 1 | @aOxford ;@aNew York :@bPergamon Press,@c1982. |
| 300 | @aix, 120 p. ;@c24 cm. | |
| 500 | @aIncludes index. | |
| 504 | @aBibliography: p. 114-116. | |
| 650 | 4 | @aStatistical mechanics. |
| Lectures on statistical mechanics / / by M.G. Bowler.-1st ed.-Oxford ; ; New York : : Pergamon Press, , 1982. |
| ix, 120 p. ; ; 24 cm. |
| Includes index.-Bibliography: p. 114-116. |
| ISBN 0080265162 :£9.00 (est.) (. |
| ● |
| 相关链接 |
|
|
|
|
正题名:Lectures on statistical mechanics
索取号:O3:H31/x33
 
预约/预借
| 序号 | 登录号 | 条形码 | 馆藏地/架位号 | 状态 | 备注 |
| 1 | 129488 | 000452824 | 第四借阅区/ [索取号:O3:H31/x33] | 在馆 | |
| 2 | 129489 | 000452860 | 第四借阅区/ [索取号:O3:H31/x33] | 在馆 | |
| 3 | 129490 | 000452904 | 第四借阅区/ [索取号:O3:H31/x33] | 在馆 | |
| 4 | 129491 | 000452940 | 第四借阅区/ [索取号:O3:H31/x33] | 在馆 | |
| 5 | 129492 | 000452986 | 第二样本阅览室/ [索取号:O3:H31/x33] | 在馆 |